000 01087nam a22003377a 4500
003 CHAP
005 20220329140923.0
008 971013s1994 r 00010 d
010 _a59854
011 _a60826
035 _a64989
040 _cCHAP
082 _a636.2
_bM2
100 0 0 _aMcClure, T. J.
_973401
245 _aNutritional and metabolic infertility in the cow
260 _aOxon :
_bCAB Intenational,
_c1994
300 _a128 p.
590 _aBATCH-UPD
_b10
_c20130110
_lUCH01
_h0621
590 _aBATCH-UPD
_b10
_c20130110
_lUCH01
_h2306
590 _aBATCH-UPD
_b10
_c20130410
_lUCH01
_h0304
590 _aBATCH-UPD
_b10
_c20130914
_lUCH01
_h1412
590 _aCONVERSION
_b10
_c20130109
_lUCH01
_h1332
650 1 4 _aFisiología animal.
_941131
650 1 4 _aGanado vacuno
_xFecundidad.
_945466
650 1 4 _aGanado vacuno
_xNutrición.
_945498
650 1 4 _aGanado vacuno
_xReproducción.
_945510
650 1 4 _aMetabolismo en rumiantes.
_975155
901 _aBK
942 _cLIBRO
949 _a636.2 M2
_bBC
_cLIBRO
_d33724000082657
_eLIBRO
_gI.181525
_h90360
_i64989
_si
_t403.00
999 _c59854
_d59854